MDQL
is popping MORE tags! Check the
thread
!
Quizzes
Events
Quiz Creation
Community
Videos
Private Events
Remove Ads
Sign In
Join for FREE
Feedback
Dark Mode
Quiz Categories
Sports
Geography
Music
Movies
Television
Just For Fun
Miscellaneous
History
Literature
Language
Science
Gaming
Entertainment
Religion
Holiday
For Kids
Quiz Lab
Recent
Popular Today
Quiz Kudos Today
Editor Picks
Curator Picks
Quizzes by...
Day
Popularity
Type
Ratings
Length
Year
Community
Subscriptions
Recent Discussions
Orange Saloon
Badges
Playlists
Quests
Create
Leaderboards
Showdown
Live 5
Trivia Bingo
Activity
Puzzle Library
Sporcle Events
Private Events
Virtual Trivia
Globe League
Become a Host
Pub Owners
SporcleCon
Opinionation
Our Games
Videos
Blog
Mobile Apps
Partnerships
Remove Ads and Go Orange
Feedback
Movies
Disney
Marvel Cinematic Universe
Movie Resume
Movie Titles
Oscar
Actor
Actress
Director
Pixar
Role
Movie Quotes
Movie Characters
Box Office
Nominee
Best Picture
Star Wars
James Bond
Horror Movies
Movies
Disney
Marvel Cinematic Universe
Movie Resume
Movie Titles
Oscar
Actor
Actress
Director
Pixar
Role
Movie Quotes
Movie Characters
Box Office
Nominee
Best Picture
Star Wars
James Bond
Horror Movies
Random Quiz
Search Sporcle
×
Quiz Lab
Quiz Lab
Movies
pack
Type in answers that appear in a list
Type in answers that appear in a list
Classic
Best Score? Go Orange.
12 Pack - MOVIE MANIA Stats
Can you name the movies associated with the hints given?
By
Moise
2m
12 Questions
138 Plays
138 Plays
138 Plays
Comments
Comments
Give Quiz Kudos
Give Quiz Kudos
-
- Ratings
hide this ad
Random Order
Randomize order of answers
Randomize order of answers
Replay
Link that replays current quiz
Next Quiz
Link to next quiz in quiz playlist
You Got
0%
They Got
Avg Score
48%
Avg Friend Score
Upgrade to see
Score Distribution
Jump to the score distribution portion of the page
Score
0/12
Timer
02:00
0
Plays Today
HINT
FILM
% Correct
Two guys become friends while locked up together, partly as a respite to the unfair imprisonment both of them are experiencing, well actually only one of them is innocent.
The Shawshank Redemption
79.7%
Peter Gibbons a stapler and TPS reports.
Office Space
73.2%
As detectives draw a blank, it's left to a newspaper cartoonist to dig deeper into the secrets of a serial killer on the loose in San Francisco.
Zodiac
66.7%
Wendy Torrance played by Shelley Duvall reads The Catcher In The Rye by JD Salinger
The Shining
66.7%
This film gave us a bleak look at what would happen to the world if people became infertile, it was horribly convincing by choosing realism over sensationalism.
Children of Men
63%
Movie uses groundbreaking nonlinear structure, incorporating a forwards and a backwards version of the same story.
Memento
60.9%
2 struggling actors, deal with single life differently. oNE pines for his ex and leaves painfully embarrassing voicemails, the other is a loud 'swinger', eager to teach his friend
Swingers
55.1%
Two Words -
'Jew Hunter'.
Inglourious Bastards
30.4%
The protagonist is known for his cool demeanor and his satin scorpion jacket.
Drive
29.7%
Brad Pitt, Christopher Walken, Dennis Hopper and Val Kilmer as Elvis.
True Romance
27.5%
Movie tag-
line -
'THE NIGHT HE CAME HOME'
Halloween
26.8%
'DON LOGAN' may be one of the best movie villains of all time.
Sexy Beast
6.5%
Quiz Playlist
Details
Report
Send in Message
Add To Playlist
Classic:
Type in answers that appear in a list
Random Order:
Randomize order of answers
Last Updated: Feb 16, 2017
Quiz Scoreboard
CHALLENGE
Sign Up to Join the Scoreboard
Show All
Scores
Hide
Comments
May contain spoilers
Recently Published
Find the 'City' Movie
by crazypaving
Movies
60s
5x2 Blitz: Bands
by SL_Kpop136
Music
30s
Colored Red Africa Blitz
by spor1
Geography
30s
More to Explore
Quiz From the Vault
Featured Blog Post
14 Easter Pick-up Lines to Find Eggs With
hide this ad
You Might Also Like...
Tags
Mania
pack
Today's Top Quizzes in Movies
Browse Movies
hide this ad
Top Contributed Quizzes in Movies
1
Find The 'Big' Movie
2
Find The 'Wild' Movie
3
Find The 'Blue' Movie
4
Movies By Plot
5
Hidden Star Wars Character II
6
Pick 5 Posters: Directed by Spielberg
7
Hidden Star Wars Character III
8
The ultimate James Bond movie quiz
9
Hidden Star Wars Character IV
10
25 Best Actor Nominees (1990s)
Explore More
Trending Topics
NBA
Harry Potter
Disney
Kpop
Crossword
Marvel
Anime
Country
Pokémon
WWE
Soccer
The Office
Song
Puzzle
NFL
hide this ad
More By:
Moise
Quiz
Plays
Rating
Category
Featured
Created
Movies Bunker
2,234,697
3.69
Movies
Jun 6, 2011
NBA 30,000 Point Club
78,847
4.41
Sports
Dec 5, 2012
The 5 most valuable NBA franchises are...
25,311
1.38
Sports
Jan 25, 2013
NBA Starting 5 All - stats teams
12,472
3.91
Sports
Jan 2, 2014
10 most attacked/destroyed cities in Movie History.
9,503
2.47
Movies
Apr 11, 2011
Go to Creator's Profile
Score Distribution
Quiz Creator Spotlight
Moise
Follow
Send a Message
Quizzes Created
-
Created Quiz Play Count
-
More By This Creator
Popular Quizzes Today
1
Colored Red Africa Blitz
2
Find the 'City' Movie
3
Find the US States - No Outlines Minefield
4
5x2 Blitz: Bands
5
The Countries of the World
6
Find the US States
7
US States
8
Find the Countries of Europe - No Outlines Minefield
More Movies Quizzes
MCU Killed Characters By Last Words
Quiz Lab
Trending Quizzes
Colored Red Europe Blitz I
Colored Red Africa Blitz II
Colored Red Europe Blitz II
Colored Red Europe Blitz III
Colored Red Africa Blitz III
Recently Updated
How Do You Spell That?
pecheneg
Godzilla Movies
pecheneg
Grab Bag: 4-10 Letters
pecheneg
2024 March Madness Bracket
pecheneg
Famous TV Couples
Peacemaker
Champions League XIs: Real Madrid
pecheneg
Largest US Cities 1790-2010
pecheneg
Rides in Walt Disney World
pecheneg
Most Oscar Losses (Acting)
pecheneg
Beyoncé Albums
pecheneg
Trending Topics
Disney
Crossword
Anime
Harry Potter
Marvel
Kpop
NBA
Puzzle
Country
The Office
Soccer
NFL
Song
WWE
Pokémon
Your Account Isn't Verified!
In order to create a playlist on Sporcle, you need to verify the email address you used during registration. Go to your
Sporcle Settings
to finish the process.
Report this User
Report this user for behavior that violates our
Community Guidelines
.
Details:
Send Report
Go to the Sporcle.com Mobile Site →
Comments